01259cam a22003497a 4500003000500000005001700005008004100022010001000063011001000073035001000083040000900093090001000102100004200112245007400154260003900228300002000267502009900287590003700386590004100423590004100464590004100505590004100546590004200587650002000629650002500649650003200674901000700706942001000713949004200723999001700765952012700782CHAP20220329141420.0971013s1987 r 00010 d a67789 a68761 a78235 cCHAP aTesis00aGalván Díaz, Jorge Arturo.944514 0aDiseño de un sistema de envases y contenedores para vivero forestal aMéxico, D. F. :bEl autor,c1987 a106 h.b: ilus. aTesis (Lic. en Diseño de Objetos) -- Instituto Nacional de Bellas Artes. Escuela de Diseño aALEPHb10c20130110lUCH01h1403 aBATCH-UPDb10c20130110lUCH01h0507 aBATCH-UPDb10c20130110lUCH01h2256 aBATCH-UPDb10c20130410lUCH01h0145 aBATCH-UPDb10c20130914lUCH01h1052 aCONVERSIONb10c20130109lUCH01h133704aEnvases.93717014aContenedores.92744014aViveros forestales.9120100 aBK cTESIS bBCcTESd-31109eTS1h19683i78235si c67789d67789 00102local4051708TESISaBCbBCcPA_TESISd2019-12-31fTESISl0oTesisp-31109r2019-12-31 00:00:00w2019-12-31yTESIS